000
00360nam a22001577a 4500
003
MPLRDC
005
20220104123400.0
008
210129b ||||| |||| 00| 0 eng d
082
_a
931.7 TDS
100
_a
汤成沅著
245
_a
汤涤生纪年印存
_c
260
_a
_b
印林双月刊
_c
1985
300
_b
精
650
_a
942
_c
BK
_o
931.7 TDS
999
_c
10986
_d
10976